Cuidados del recién nacido

Saved in:
Bibliographic Details
Main Author: Martínez Muñoz, José Luis (autor)
Format: Book
Language:Spanish
Published: Santiago Mediterráneo 2006
Subjects:
Tags: Add Tag
No Tags, Be the first to tag this record!

MARC

LEADER 00000nam a2200000 a 4500
001 UCI9874
003 CL-VaPUC
008 081212e20060000CL |||||||||||||||||spa|d
020 |a 9562202569 
082 0 4 |a 618.9201  |b MAR  |2 21 
100 |a Martínez Muñoz, José Luis  |e autor  |9 533872 
245 1 0 |a Cuidados del recién nacido 
300 |a 201 p 
942 |c BK 
945 |d 20081212 00:00:00  |a jtorresc 
260 |a Santiago  |b Mediterráneo  |c 2006 
650 7 |a RECIEN NACIDOS  |2 CL-VaPUC  |9 388051 
650 7 |a LACTANTES  |2 CL-VaPUC  |9 309581 
650 0 |a Atención médica  |9 337119 
650 0 |a Alimentación  |9 334197 
650 7 |a CUIDADOS DEL EMBARAZO  |2 CL-VaPUC  |9 388052 
650 0 |a Medicina clínica   |9 328118 
583 |a last modification  |c 20081212 00:00:00  |k Rodrigo Vera 
999 |c 332321  |d 332319 
952 |0 0  |1 0  |4 0  |6 618_920100000000000_MAR_2006  |7 0  |8 A  |9 419929  |a BIBEDU  |b BIBEDU  |d 2019-11-22  |i 4505646  |o 618.9201 MAR 2006  |p 4505646  |r 2019-11-22  |w 2019-11-22  |y BK  |k EBA